000
00264nam a22001217a 4500
008
171222b xxu||||| |||| 00| 0 eng d
041
_a
eng
080
_a
617
100
_a
8
101
_a
OFT
245
_a
ON THE SHOULDERS OF GIANTS
_c
MILDER,B
942
_2
udc
_c
BK
999
_c
39333
_d
39333